Medical and Veterinary Entomology (Record no. 3735)

MARC details
000 -LEADER
fixed length control field 00565nam a22002177a 4500
003 - CONTROL NUMBER IDENTIFIER
control field OSt
005 - DATE AND TIME OF LATEST TRANSACTION
control field 20251014121609.0
008 - FIXED-LENGTH DATA ELEMENTS--GENERAL INFORMATION
fixed length control field 160425b xxu||||| |||| 00| 0 eng d
020 ## - INTERNATIONAL STANDARD BOOK NUMBER
International Standard Book Number 0851989683
040 ## - CATALOGING SOURCE
Transcribing agency DNLM
082 ## - DEWEY DECIMAL CLASSIFICATION NUMBER
Classification number QX650 M467d 1995
100 ## - MAIN ENTRY--PERSONAL NAME
Personal name Kettle, D.S
9 (RLIN) 8244
245 ## - TITLE STATEMENT
Title Medical and Veterinary Entomology
250 ## - EDITION STATEMENT
Edition statement 2nd ed.
260 ## - PUBLICATION, DISTRIBUTION, ETC. (IMPRINT)
Place of publication, distribution, etc. UK; CABI Publishing, 1995
300 ## - PHYSICAL DESCRIPTION
Extent viii,725p; ill: 26cm
504 ## - BIBLIOGRAPHY, ETC. NOTE
Bibliography, etc References, & index included
650 ## - SUBJECT ADDED ENTRY--TOPICAL TERM
Topical term or geographic name as entry element Entomology
9 (RLIN) 977
650 ## - SUBJECT ADDED ENTRY--TOPICAL TERM
Topical term or geographic name as entry element Veternary medicine
9 (RLIN) 8245
942 ## - ADDED ENTRY ELEMENTS (KOHA)
Source of classification or shelving scheme Other/Generic Classification Scheme
Koha item type Open Shelf
Holdings
Withdrawn status Lost status Source of classification or shelving scheme Damaged status Not for loan Home library Current library Date acquired Source of acquisition Inventory number Total Checkouts Full call number Barcode Date last seen Date last checked out Koha item type
    Other/Generic Classification Scheme     MUST Main Library MUST Main Library 25/04/2016 Purchase 11/33689 1 QX650 M467d 1995 2016-1273 27/09/2021 15/09/2021 Open Shelf
    Other/Generic Classification Scheme     MUST Main Library MUST Main Library 29/01/2021 Donation 07/28932   QX650 M467d 1995 2021-0013 29/01/2021   Open Shelf